A companion to translation studies / (Record no. 179556)
[ view plain ]
| 000 -LEADER | |
|---|---|
| fixed length control field | 00706nam a22002177a 4500 |
| 005 - DATE AND TIME OF LATEST TRANSACTION | |
| control field | 20210622123030.0 |
| 010 ## - LCCN (DPL NO) | |
| LC control number | B-740260 |
| 020 ## - INTERNATIONAL STANDARD BOOK NUMBER | |
| International Standard Book Number | 9788125041474 |
| 035 ## - SYSTEM CONTROL NUMBER | |
| System control number | B-740260 |
| 037 ## - SOURCE OF ACQUISITION | |
| Source of stock number/acquisition | Gift |
| 082 ## - DEWEY DECIMAL CLASSIFICATION NUMBER | |
| Classification number | 418.02 |
| 245 ## - TITLE STATEMENT | |
| Title | A companion to translation studies / |
| Statement of responsibility, etc | edited by Piotr Kuhiwczak [and] Karin Littau |
| 260 ## - PUBLICATION, DISTRIBUTION, ETC. (IMPRINT) | |
| Place of publication, distribution, etc | New Delhi |
| Name of publisher, distributor, etc | Orient Blackswan |
| Date of publication, distribution, etc | 2011 |
| 270 ## - ADDRESS | |
| Address | 1/24, Asaf Ali Road |
| City | New Delhi |
| Postal code | 110002 |
| 300 ## - PHYSICAL DESCRIPTION | |
| Extent | ix, 181p. |
| Dimensions | 22cm(pbk) |
| 500 ## - GENERAL NOTE | |
| General note | include bibliographical references and index |
| 700 ## - ADDED ENTRY--PERSONAL NAME | |
| Personal name | Kuhiwczak, Piotr |
| 700 ## - ADDED ENTRY--PERSONAL NAME | |
| Personal name | Littau, Karin |
| 942 ## - ADDED ENTRY ELEMENTS (KOHA) | |
| Source of classification or shelving scheme | Dewey Decimal Classification |
| Item type | English Books |
| Classification part | 418.02 |
| Call number suffix | COM |
| Withdrawn status | Lost status | Not for loan | Collection code | Home library | Current library | Date acquired | Source of acquisition | Full call number | Barcode | Copy number | Koha item type | Public note |
|---|---|---|---|---|---|---|---|---|---|---|---|---|
| Non-fiction | Kadipur | Kadipur | 22/06/2021 | Gift/Eng/02-06-2021 | 418.02 COM | B-740260 | 1 | English Books | Gift |
